| 000 | 00487nam a22001697a 4500 | ||
|---|---|---|---|
| 008 | 230504b |||||||| |||| 00| 0 eng d | ||
| 040 |
_aNational Science Library _cNational Science Library |
||
| 080 | _aI(540)(047.1) | ||
| 245 | _aProgress of science in India: | ||
| 260 |
_aNew Delhi: _bNational Institute of Sciences, _c1955 |
||
| 300 | _a97p. | ||
| 500 | _aSection III, Chemistry | ||
| 650 | _aScience | ||
| 653 | _aChemistry | ||
| 700 | _aRay, P (Ed.) | ||
| 942 |
_2udc _cBK |
||
| 999 |
_c27325 _d27325 |
||